00241nam a2200085Ia 4500008004100000041000800041100001800049245005300067260003500120241105s9999 xx 000 0 und d aeng aIsmail Sahana aConvention Centre At Bandra-Kurla Complex Mumbai bFinal Year B. Arch, BNCAc2014